Artículos de costumbres

Saved in:
Bibliografiske detaljer
Main Authors: Vallejo, José Joaquín (Author), Jotabeche (Author)
Format: Bog
Sprog:spansk
Udgivet: Santiago Lom 2001
Udgivelse:1a. ed
Serier:Clásicos del Siglo XIX y XX
Fag:
Tags: Tilføj Tag
Ingen Tags, Vær først til at tagge denne postø!

MARC

LEADER 00000nam a2200000 a 4500
001 UCN8164
003 CL-VaPUC
008 011109e20010901CL |||||||||||||||||spa|d
020 |a 9562823679 
082 0 4 |a Ch864  |b VAL  |2 21 
100 0 |a Vallejo, José Joaquín  |e author  |9 420325 
700 0 |a Jotabeche  |e author  |9 420326 
245 1 0 |a Artículos de costumbres 
250 |a 1a. ed 
300 |a 173 p 
942 |c BK 
945 |d 20011109 00:00:00  |a vberengu 
260 |a Santiago  |b Lom  |c 2001 
650 0 |a Ensayos chilenos   |9 269132 
650 0 |a Literatura chilena   |9 308278 
650 0 |a Vida social y costumbres  |9 258725 
583 |a last modification  |c 20011109 00:00:00  |k Rodrigo Vera 
490 0 |a Clásicos del Siglo XIX y XX 
999 |c 298196  |d 298194 
952 |0 0  |1 0  |4 0  |6 CH_864_000000000000000_VAL_2001  |7 0  |8 A  |9 353590  |a BIBEDU  |b BIBEDU  |d 2019-11-21  |i 3771458  |o Ch864 VAL 2001  |p 3771458  |r 2019-11-21  |w 2019-11-21  |y BK  |k CUE 
952 |0 0  |1 0  |4 0  |6 CH_864_000000000000000_VAL_2001  |7 0  |8 A  |9 353591  |a FDOPOS  |b FDOPOS  |d 2019-11-21  |i 4177010  |o Ch864 VAL 2001  |p 4177010  |r 2023-08-09  |w 2019-11-21  |y BK  |k MLH 
952 |0 0  |1 0  |4 0  |6 CH_864_000000000000000_VAL_2001  |7 0  |8 X  |9 353592  |a FDOBUD  |b FDOBUD  |d 2019-11-21  |i 1077090  |o Ch864 VAL 2001  |p 1077090  |r 2019-11-21  |w 2019-11-21  |y BK_X  |k BUD 
952 |0 0  |1 0  |4 0  |6 CH_864_000000000000000_VAL_2001  |7 0  |8 X  |9 353593  |a FDOMLP  |b FDOMLP  |d 2019-11-21  |i 4354052  |o Ch864 VAL 2001  |p 4354052  |r 2019-11-21  |w 2019-11-21  |y BK_X  |k BU2